Gdyńskie pomniki i tablice pamiątkowe

Titel: Gdyńskie pomniki i tablice pamiątkowe
Verfasser:
In: Rocznik Gdyński, Band 3 (1982), Seite 126-136
alle Artikel anzeigen
Veröffentlicht: 1982 [1983]
Format: Aufsatz
Sprache: Polnisch
Kein Bild verfügbar
X
alg: 39193208
001A    $01999:11-11-16 
001B    $01999:16-05-21 $t20:17:49.000 
001D    $01999:11-11-16 
001U    $0utf8 
001X    $00 
002@    $0Aox 
003@    $039193208X 
007A    $039193208X $aHEB 
007T    $0Herd22179 
010@    $apol 
011@    $a1982 $n1982 [1983] 
021A    $aGdyńskie pomniki i tablice pamiątkowe 
027A    $aDenkmäler und Gedenktafeln in Gdingen 
028A    $aDzianisz $dPaweł 
031A    $d3 $h126-136 $j1982 
037A    $aFortsetzung in 4 (1983) [1984], 151-163 
039B    $aIn $8--Abvc--. Rocznik Gdyński. - Gdynia, 1978-. - ISSN 0137-4044 $x198200000030000874 $9090559797 
045F    $a307.094382 $eDDC23BSB 
045F/01 $a307.09 
045F/03 $g4382 
045F/03 $g43832 
046C    $aDenkmäler und Gedenktafeln in Gdingen $bÜbers. des Hauptsacht. 

lok: 39193208 78

exp: 39193208 78 1 #EPN
201B/01 $026-06-18 $t22:53:13.000 
201U/01 $0utf8 
203@/01 $0788027913 
208@/01 $a11-11-16 $be 
209A/01 $a/ $f000 $x00 
220C/01 $aTitelaufnehmer: kl 
244Z/01 $2Trx $#Prusy Wschodnie i Zachodnie $8--Trx--Ost- und Westpreußen $x01 $939113373X 
244Z/01 $#Gdynia $#Gdingen $#Gotenhafen $#Gdingen Gdynia $72011183-6 $8--Tg1--Gdynia $x02 $9042666600 
244Z/01 $2Trx $#mälestusmärgid $#paminklai $#Monuments $#emlékművek $#pomniki $#pamätníky $#pomníky $#zabytki $#pomníky $#pomníky $8--Trx--Denkmäler $x03 $9391357808 
244Z/01 $2Trx $#mälestustahvlid $#memorialinės lentos $#Memorial plaques $#emléktáblák $#tablice pamiątkowe $#tabule pamätné $#desky pamětní $8--Trx--Gedenktafeln $x04 $9391359134 
244Z/01 $2Trx $8--Trx--Zeitschriftenaufsatz $x05 $9391384341 
245Z/01 $a13.03 $x01 
245Z/01 $a11.14 $x02 
247C/01 $82080>Marburg/Lahn, Herder-Institut, Forschungsbibliothek, Bibliographieportal $9336309341
LEADER 00000caa a22000002c 4500
001 39193208X
003 DE-603
005 20210516201749.0
007 tu
008 161111s1982 xx |||| | u00||u|pol c
035 |a (DE-599)HEB39193208X 
040 |a DE-603  |b ger  |c DE-603  |d DE-603 
041 |a pol 
082 0 4 |8 1\u  |a 307.094382  |q DE-101  |2 23/BSB 
085 |8 1\u  |b 307.09 
085 |8 1\u  |z 2  |s 4382 
085 |8 1\u  |z 2  |s 43832 
100 1 |a Dzianisz, Paweł 
245 0 0 |a Gdyńskie pomniki i tablice pamiątkowe 
246 1 |i Übers. des Hauptsacht.  |a Denkmäler und Gedenktafeln in Gdingen 
246 1 3 |a Denkmäler und Gedenktafeln in Gdingen 
264 0 |c 1982 [1983] 
500 |a Fortsetzung in 4 (1983) [1984], 151-163 
773 0 8 |i In  |t Rocznik Gdyński  |d Gdynia, 1978-  |x 0137-4044  |g Band 3 (1982), Seite 126-136  |w (DE-603)090559797  |w (DE-600)2008589-8 
924 0 |9 2080  |a (DE-603)788027913  |b DE-2080  |c HES  |d d  |g /